[Event "VI Weekend Firenzescacchi B"]
[Site "Firenze ITA"]
[Date "2012.11.01"]
[Round "1"]
[White "Aversa, Alessandro"]
[Black "Belli, Marco"]
[WhiteElo "1389"]
[BlackElo "1488"]
[Result "0-1"]
[PlyCount "65"]
[EventDate "2012.11.01"]

1. d4 d5 2. Nf3 Nf6 3. Bf4 e6 4. e3 Be7 5. Nbd2 b6 6. Ne5 O-O 7. Bd3 Bb7 8. c3
c5 9. Qe2 Nbd7 10. e4 dxe4 11. Nxe4 Bxe4 12. Bxe4 Nxe4 13. Nc6 Nxc3 14. bxc3
Qe8 15. Nxe7+ Qxe7 16. O-O cxd4 17. cxd4 Nf6 18. Rac1 Rac8 19. Rfd1 Nd5 20. Qg4
Nxf4 21. Qxf4 Qd7 22. h4 Rxc1 23. Rxc1 Rc8 24. Rd1 Qd5 25. Qd2 h6 26. g4 Rd8
27. g5 hxg5 28. hxg5 e5 29. f4 exd4 30. Qf2 d3 31. Rd2 Qd4 32. Kf1 Qxf2+ 33.
Kxf2 0-1

[Event "VI Weekend Firenzescacchi B"]
[Site "Firenze ITA"]
[Date "2012.11.01"]
[Round "1"]
[White "Baronio, Gaia"]
[Black "Targetti, Andrea"]
[WhiteElo "1491"]
[BlackElo "1437"]
[Result "1-0"]
[PlyCount "117"]
[EventDate "2012.11.01"]

1. e4 e5 2. Nf3 Nf6 3. Nc3 Nc6 4. Bc4 Bc5 5. d3 d6 6. h3 O-O 7. Bg5 h6 8. Bh4
Nd4 9. Nd5 g5 10. Bg3 Nxd5 11. Bxd5 c6 12. Bc4 b5 13. Bb3 a5 14. Nxd4 Bxd4 15.
c3 Bb6 16. a4 b4 17. d4 exd4 18. cxd4 Qe7 19. f3 Be6 20. Bc2 f5 21. O-O fxe4
22. fxe4 Rxf1+ 23. Kxf1 Bc4+ 24. Bd3 Rf8+ 25. Ke1 Bxd3 26. Qxd3 d5 27. e5 Qe6
28. Rc1 Rc8 29. Kf1 c5 30. Bf2 cxd4 31. Rxc8+ Qxc8 32. Qg6+ Kf8 33. Qxh6+ Ke8
34. Qxb6 Qc1+ 35. Be1 Qf4+ 36. Bf2 Qc1+ 37. Be1 Qf4+ 38. Kg1 Qe3+ 39. Bf2 Qc1+
40. Kh2 Qd2 41. Qxd4 Qxd4 42. Bxd4 Ke7 43. Kg3 Kf7 44. Kg4 Kg6 45. Be3 b3 46.
Bxg5 d4 47. Bd2 Kf7 48. h4 Ke6 49. Kf4 d3 50. Ke4 Kf7 51. Kxd3 Ke6 52. Kd4 Ke7
53. h5 Ke6 54. h6 Kf7 55. Kd5 Kg8 56. Kd6 Kf8 57. Kd7 Kf7 58. e6+ Kf8 59. e7+
1-0

[Event "VI Weekend Firenzescacchi B"]
[Site "Firenze ITA"]
[Date "2012.11.01"]
[Round "1"]
[White "Fornai, Francesco"]
[Black "Manneschi, Fabrizio"]
[WhiteElo "1476"]
[BlackElo "1386"]
[Result "1-0"]
[PlyCount "39"]
[EventDate "2012.11.01"]

1. e4 e5 2. Nf3 Nc6 3. Bc4 Nh6 4. d4 d6 5. Bxh6 gxh6 6. dxe5 Bg4 7. h3 Bh5 8.
exd6 Na5 9. Bd3 Qxd6 10. Nc3 O-O-O 11. O-O Rg8 12. Qe2 Qg6 13. g3 Re8 14. e5 f6
15. Bxg6 Bxg6 16. Qb5 Nc6 17. exf6 Re5 18. Nxe5 Nxe5 19. Qxe5 Bd6 20. Qe6+ 1-0

[Event "VI Weekend Firenzescacchi B"]
[Site "Firenze ITA"]
[Date "2012.11.01"]
[Round "1"]
[White "Rufolo, Marco"]
[Black "Bonechi, Federico"]
[WhiteElo "1386"]
[BlackElo "1446"]
[Result "0-1"]
[PlyCount "32"]
[EventDate "2012.11.01"]

1. d4 Nf6 2. Bf4 e6 3. Nf3 c5 4. c3 d5 5. e3 a6 6. b3 Bd6 7. Bg5 h6 8. Bxf6
Qxf6 9. Bd3 b6 10. Nbd2 Bb7 11. c4 Qe7 12. Qc2 Nd7 13. O-O Rc8 14. e4 cxd4 15.
exd5 Bxd5 16. cxd5 Rxc2 0-1

[Event "VI Weekend Firenzescacchi B"]
[Site "Firenze ITA"]
[Date "2012.11.01"]
[Round "2"]
[White "Belli, Marco"]
[Black "Moroni, Fabrizio"]
[WhiteElo "1488"]
[BlackElo "1137"]
[Result "1-0"]
[PlyCount "113"]
[EventDate "2012.11.01"]

1. e4 e5 2. Nf3 d6 3. d4 exd4 4. Nxd4 Bd7 5. Bc4 Nc6 6. Nf3 h6 7. Nc3 Be6 8.
Bxe6 fxe6 9. O-O Nf6 10. b3 Be7 11. Bb2 O-O 12. Qe2 Nb8 13. Rad1 Nbd7 14. Rfe1
c6 15. e5 Nd5 16. exd6 Nxc3 17. Bxc3 Bf6 18. Qxe6+ Kh8 19. Bxf6 Rxf6 20. Qe7
Rf8 21. Qxd8 Raxd8 22. Re7 a5 23. Nd4 Rfe8 24. Rxe8+ Rxe8 25. Kf1 Nf6 26. Nf5
Kh7 27. Ne7 Rd8 28. f3 Ne8 29. c4 Rxd6 30. Rxd6 Nxd6 31. Ke2 g6 32. c5 Nb5 33.
Nc8 Nc3+ 34. Kd3 Nxa2 35. Nd6 Nb4+ 36. Kc4 b5+ 37. cxb6 Na6 38. Nb7 Kg7 39.
Nxa5 Kf6 40. Nxc6 Ke6 41. Kb5 Kd6 42. Kxa6 Kxc6 43. Ka7 Kc5 44. b7 Kd4 45. b8=Q
Ke3 46. Qe5+ Kf2 47. Qb2+ Ke3 48. b4 h5 49. h4 Kf4 50. Qf6+ Kg3 51. Qg5+ Kh2
52. b5 Kh1 53. b6 Kh2 54. b7 Kg1 55. b8=Q Kh1 56. Qgg3 g5 57. Qb1# 1-0

[Event "VI Weekend Firenzescacchi B"]
[Site "Firenze ITA"]
[Date "2012.11.01"]
[Round "2"]
[White "Bonechi, Federico"]
[Black "Baronio, Gaia"]
[WhiteElo "1446"]
[BlackElo "1491"]
[Result "0-1"]
[PlyCount "59"]
[EventDate "2012.11.01"]

1. e4 c6 2. d4 d5 3. exd5 cxd5 4. Nf3 Bf5 5. c3 Nc6 6. Bf4 e6 7. Ne5 Nf6 8. Bd3
Bxd3 9. Nxd3 Bd6 10. Bxd6 Qxd6 11. Nd2 O-O 12. f4 Nd7 13. O-O f6 14. Nf3 e5 15.
fxe5 fxe5 16. dxe5 Ncxe5 17. Ndxe5 Nxe5 18. Nxe5 Qxe5 19. Re1 Qd6 20. Qd4 a6
21. Re5 Rad8 22. Rd1 Qf6 23. Rxd5 Rxd5 24. Qxd5+ Kh8 25. Qd4 Kg8 26. Qxf6 Rxf6
27. Rf1 Kf7 28. Rxf6+ Kxf6 29. Kf2 Kf5 30. Kf3 {phone default} 0-1

[Event "VI Weekend Firenzescacchi B"]
[Site "Firenze ITA"]
[Date "2012.11.01"]
[Round "2"]
[White "Ferrari, Paolo"]
[Black "Fornai, Francesco"]
[WhiteElo "1272"]
[BlackElo "1476"]
[Result "1-0"]
[PlyCount "77"]
[EventDate "2012.11.01"]

1. d4 d5 2. Nf3 Nc6 3. c3 Nf6 4. Nbd2 e6 5. e3 a6 6. Bd3 Bd6 7. O-O O-O 8. Qe2
e5 9. e4 dxe4 10. Nxe4 exd4 11. Nxd4 Nxd4 12. cxd4 Re8 13. Nxf6+ gxf6 14. Qh5
Kf8 15. Qxh7 c6 16. Bh6+ Ke7 17. Rfe1+ Be6 18. Bc4 Kd7 19. Bxe6+ Kc7 20. Qxf7+
Kb6 21. Be3 Rh8 22. d5+ c5 23. Bh3 Rc8 24. Bxc8 Qxc8 25. Qxf6 Rd8 26. Rac1 Ka7
27. b4 b6 28. f4 Qc7 29. Rc2 Rf8 30. Qg5 Be7 31. Qg4 Bd6 32. Rc4 Qe7 33. Bd2
Qf7 34. Re6 Rg8 35. Qe2 Qd7 36. Qh5 Qg7 37. g3 Qf8 38. Rxd6 Qxd6 39. Qh7+ 1-0

[Event "VI Weekend Firenzescacchi B"]
[Site "Firenze ITA"]
[Date "2012.11.01"]
[Round "2"]
[White "Targetti, Andrea"]
[Black "Aversa, Alessandro"]
[WhiteElo "1437"]
[BlackElo "1389"]
[Result "1/2-1/2"]
[PlyCount "73"]
[EventDate "2012.11.01"]

1. e4 d5 2. exd5 Qxd5 3. Nc3 Qd8 4. d4 Bf5 5. Bd3 Bxd3 6. Qxd3 e6 7. Qb5+ Nd7
8. Qxb7 Ngf6 9. Nf3 Be7 10. Ne5 Nxe5 11. dxe5 Nd5 12. Qb5+ Qd7 13. Qxd7+ Kxd7
14. Nxd5 exd5 15. O-O Ke6 16. Bf4 Rab8 17. b3 Rb4 18. Bg3 c6 19. c3 Rb7 20.
Rac1 g5 21. c4 d4 22. Rfd1 c5 23. Rd3 f6 24. exf6 Bxf6 25. a3 a5 26. Rb1 Re8
27. f4 Kf5 28. fxg5 Bxg5 29. Rf3+ Kg6 30. Re1 Rxe1+ 31. Bxe1 Be3+ 32. Kf1 Rxb3
33. Bxa5 Rxa3 34. Bb6 Ra1+ 35. Ke2 Ra2+ 36. Kd3 Ra3+ 37. Ke4 1/2-1/2

[Event "VI Weekend Firenzescacchi B"]
[Site "Firenze ITA"]
[Date "2012.11.02"]
[Round "3"]
[White "Baronio, Gaia"]
[Black "Belli, Marco"]
[WhiteElo "1491"]
[BlackElo "1488"]
[Result "0-1"]
[PlyCount "130"]
[EventDate "2012.11.01"]

1. e4 e6 2. d4 d5 3. Nd2 Nf6 4. e5 Nfd7 5. Bd3 c5 6. c3 Nc6 7. Ne2 cxd4 8. cxd4
Qb6 9. Nf3 Be7 10. O-O O-O 11. Re1 f6 12. Ng3 fxe5 13. dxe5 Ncxe5 14. Nxe5 Nxe5
15. Rxe5 Qxf2+ 16. Kh1 Bd6 17. Re2 Qf6 18. Re1 Bd7 19. Qh5 g6 20. Qg5 Qxg5 21.
Bxg5 Rf2 22. Rab1 Raf8 23. Rf1 Rxf1+ 24. Rxf1 Rxf1+ 25. Nxf1 Kg7 26. Be3 b6 27.
h3 e5 28. Kg1 Be6 29. a3 Kf6 30. g4 e4 31. Bd4+ Be5 32. Bxe5+ Kxe5 33. Bb1 g5
34. Kf2 Kd4 35. Ke2 Bd7 36. Bc2 Bb5+ 37. Ke1 Bxf1 38. Kxf1 Ke3 39. Ke1 d4 40.
Bb3 h6 41. Bc4 d3 42. Kd1 Kd4 43. Ba6 e3 44. Bb5 Ke4 45. Bc6+ Kf4 46. Bb5 d2
47. Ke2 Kg3 48. Ba4 Kxh3 49. Kxe3 Kxg4 50. Kxd2 Kg3 51. Bd1 g4 52. Ke2 Kg2 53.
Ke3 h5 54. Kf4 Kh3 55. Be2 g3 56. Bf3 g2 57. Bxg2+ Kxg2 58. Kg5 Kf2 59. Kxh5
Ke2 60. Kg5 Kd2 61. Kf5 Kc2 62. b4 Kb3 63. Ke5 Kxa3 64. Kd5 Kxb4 65. Kc6 a5 0-1

[Event "VI Weekend Firenzescacchi B"]
[Site "Firenze ITA"]
[Date "2012.11.02"]
[Round "3"]
[White "Bonechi, Federico"]
[Black "Ferrari, Paolo"]
[WhiteElo "1446"]
[BlackElo "1272"]
[Result "1-0"]
[PlyCount "165"]
[EventDate "2012.11.01"]

1. e4 e5 2. Nf3 d6 3. d4 exd4 4. Nxd4 Nf6 5. Nc3 b6 6. Bc4 Qe7 7. f3 a6 8. a4
Bd7 9. Qe2 c5 10. Nb3 a5 11. O-O Nc6 12. Bg5 Nb4 13. Rfe1 O-O-O 14. Nd5 Nbxd5
15. Bxd5 Kc7 16. Qa6 Rc8 17. Qb7+ Kd8 18. Qxb6+ Rc7 19. Bd2 Bc8 20. Bxa5 Nxd5
21. exd5 Qd7 22. Qxc7+ Qxc7 23. Bxc7+ Kxc7 24. c4 g6 25. Nd2 Bg7 26. Re7+ Bd7
27. Ra2 Rf8 28. Ne4 Kd8 29. Rxd7+ Kxd7 30. Kf2 Bd4+ 31. Ke2 f5 32. Ng5 Re8+ 33.
Kd2 Be3+ 34. Kd3 Bxg5 35. Ra3 Re3+ 36. Kc2 Re2+ 37. Kb3 Bf6 38. Ra2 Rxg2 39. a5
Re2 40. a6 Re8 41. Ka4 Ra8 42. Ka5 Bd8+ 43. Kb5 Kc7 44. Ra1 Bf6 45. Ra2 Rb8+
46. Ka5 Bd4 47. h3 Bxb2 48. a7 Bc3+ 49. Ka4 Ra8 50. Kb5 Bb4 51. Ra6 Bd2 52.
Rc6+ Kd7 53. Kb6 Ba5+ 54. Kb7 Rd8 55. a8=Q Rxa8 56. Kxa8 h5 57. Kb7 g5 58. Ra6
Bd2 59. Ra2 Be3 60. Re2 Bd4 61. Kb6 Be5 62. Kb5 Ke7 63. Ka4 Kf6 64. Kb3 h4 65.
Kc2 Kg6 66. Re3 Kh5 67. Rxe5 dxe5 68. d6 g4 69. fxg4+ fxg4 70. d7 gxh3 71. d8=Q
Kg4 72. Qd1+ Kf4 73. Qf1+ Kg3 74. Qg1+ Kf4 75. Qh2+ Kg4 76. Kd3 Kh5 77. Qxh3
Kg5 78. Ke4 Kh5 79. Kxe5 Kg5 80. Kd5 Kh5 81. Kxc5 Kg5 82. Kd5 Kh5 83. c5 1-0

[Event "VI Weekend Firenzescacchi B"]
[Site "Firenze ITA"]
[Date "2012.11.02"]
[Round "3"]
[White "Fornai, Francesco"]
[Black "Rufolo, Marco"]
[WhiteElo "1476"]
[BlackElo "1386"]
[Result "1-0"]
[PlyCount "45"]
[EventDate "2012.11.01"]

1. e4 e5 2. Nf3 Nc6 3. Bc4 h6 4. Nc3 Nf6 5. Nd5 Nxe4 6. O-O Bc5 7. Nxe5 Nxe5 8.
d4 Nxc4 9. dxc5 Nxc5 10. Re1+ Ne6 11. Qd4 Nd6 12. Qxg7 Rf8 13. Bxh6 Ne4 14.
Rxe4 d6 15. Qxf8+ Kd7 16. Qxf7+ Kc6 17. Nb4+ Kb5 18. Qh5+ Nc5 19. a4+ Ka5 20.
Bd2 Kb6 21. Nd5+ Ka6 22. Qe2+ b5 23. Qxb5# 1-0

[Event "VI Weekend Firenzescacchi B"]
[Site "Firenze ITA"]
[Date "2012.11.02"]
[Round "3"]
[White "Moroni, Fabrizio"]
[Black "Manneschi, Fabrizio"]
[WhiteElo "1137"]
[BlackElo "1386"]
[Result "1-0"]
[PlyCount "89"]
[EventDate "2012.11.01"]

1. e4 e5 2. Nf3 Nc6 3. d4 d6 4. Bd3 Bg4 5. dxe5 Nxe5 6. Be2 Nf6 7. Nxe5 dxe5 8.
Qxd8+ Rxd8 9. Bxg4 Nxg4 10. O-O Bc5 11. Be3 Nxe3 12. fxe3 Bxe3+ 13. Kh1 O-O 14.
c4 Rd4 15. Nc3 Rfd8 16. Nd5 Rxc4 17. Nxe3 Rxe4 18. Rfe1 c5 19. Kg1 Rd3 20. Rad1
Rexe3 21. Rxd3 Rxd3 22. Rxe5 Rd1+ 23. Kf2 Rd2+ 24. Ke3 Rd8 25. Rxc5 Re8+ 26.
Kf2 b6 27. Rc7 Ra8 28. b3 g6 29. g4 a5 30. h4 Rf8 31. Rb7 f5 32. Kf3 h5 33.
gxh5 gxh5 34. Rxb6 Kg7 35. Kf4 Rf6 36. Rb5 Ra6 37. Kxf5 Kh6 38. a4 Ra7 39. Rb6+
Kg7 40. Kg5 Re7 41. Kxh5 Re5+ 42. Kg4 Re4+ 43. Kf5 Rb4 44. Rxb4 axb4 45. a5 1-0

[Event "VI Weekend Firenzescacchi B"]
[Site "Firenze ITA"]
[Date "2012.11.03"]
[Round "4"]
[White "Belli, Marco"]
[Black "Fornai, Francesco"]
[WhiteElo "1488"]
[BlackElo "1476"]
[Result "1/2-1/2"]
[PlyCount "99"]
[EventDate "2012.11.01"]

1. e4 e5 2. Nf3 Nc6 3. Bc4 h6 4. d4 exd4 5. Nxd4 Nxd4 6. Qxd4 d6 7. Be3 Nf6 8.
Nd2 Be7 9. O-O O-O 10. Rad1 b6 11. f3 Nd7 12. Bd5 Rb8 13. c3 Bf6 14. Qa4 a5 15.
Bd4 Bb7 16. Bxb7 Rxb7 17. Bxf6 Nxf6 18. Nb3 Nh5 19. e5 Qg5 20. exd6 cxd6 21.
Qe4 Nf4 22. g3 Nh3+ 23. Kg2 Re7 24. Rd5 Nf4+ 25. Kf2 Rxe4 26. Rxg5 Nh3+ 27. Kg2
Nxg5 28. fxe4 Nxe4 29. Rd1 Rd8 30. Rd4 Nc5 31. Nxc5 bxc5 32. Rd5 f6 33. Kf3 Kf7
34. Kf4 Re8 35. Rxd6 Re2 36. Rd5 Rxb2 37. Rxc5 Rxa2 38. Rc7+ Kg6 39. c4 a4 40.
Ra7 a3 41. Ke3 Kf5 42. Rxg7 Rxh2 43. Ra7 a2 44. c5 Ke5 45. c6 Rc2 46. c7 a1=Q
47. Rxa1 Rxc7 48. Rh1 Rc3+ 49. Kf2 Rc2+ 50. Kf3 1/2-1/2

[Event "VI Weekend Firenzescacchi B"]
[Site "Firenze ITA"]
[Date "2012.11.03"]
[Round "4"]
[White "Ferrari, Paolo"]
[Black "Baronio, Gaia"]
[WhiteElo "1272"]
[BlackElo "1491"]
[Result "1-0"]
[PlyCount "147"]
[EventDate "2012.11.01"]

1. Nf3 Nc6 2. c4 e5 3. Nc3 Bc5 4. b3 d6 5. Bb2 Nf6 6. e3 Bg4 7. Be2 O-O 8. a3
a5 9. Qc2 Qd7 10. O-O Rfe8 11. Ne4 Nxe4 12. Qxe4 Bf5 13. Qh4 Rad8 14. Rad1 Bg6
15. e4 Qe7 16. Qg4 Qe6 17. Qh4 Qf6 18. d3 Qxh4 19. Nxh4 Nd4 20. Bg4 Nxb3 21.
Nxg6 hxg6 22. Kh1 Nd4 23. h4 c6 24. g3 d5 25. Kg2 dxe4 26. dxe4 f6 27. a4 Nc2
28. Rb1 b6 29. Rh1 Rd2 30. Kh3 Rxf2 31. Bd7 Rd8 32. Bxc6 f5 33. Bxe5 Nb4 34.
Bd5+ Nxd5 35. exd5 Rd7 36. Rhd1 Rc2 37. Rdc1 Rxc1 38. Rxc1 Bd6 39. Bd4 Bc7 40.
Rb1 Rd6 41. Be5 Rd7 42. Bxc7 Rxc7 43. Rc1 Kf8 44. Kg2 Ke7 45. Kf3 Kf6 46. Kf4
Rc5 47. Ke3 Ke5 48. Kd3 Rc8 49. Re1+ Kd6 50. Re6+ Kc5 51. Kc3 b5 52. axb5 a4
53. Ra6 Rc7 54. Rxa4 Re7 55. Kd2 Re4 56. Kd3 Rd4+ 57. Kc3 Re4 58. Ra6 Rxc4+ 59.
Kd3 Rd4+ 60. Ke3 Rxd5 61. Ra5 Kb6 62. Ra6+ Kxb5 63. Rxg6 Re5+ 64. Kf4 Re4+ 65.
Kxf5 Rc4 66. Rxg7 Rc5+ 67. Kg6 Rc3 68. g4 Rc4 69. Kh5 Rc5+ 70. Rg5 Kc6 71.
Rxc5+ Kxc5 72. g5 Kd6 73. g6 Ke7 74. Kh6 1-0

[Event "VI Weekend Firenzescacchi B"]
[Site "Firenze ITA"]
[Date "2012.11.03"]
[Round "4"]
[White "Manneschi, Fabrizio"]
[Black "Aversa, Alessandro"]
[WhiteElo "1386"]
[BlackElo "1389"]
[Result "0-1"]
[PlyCount "34"]
[EventDate "2012.11.01"]

1. e4 d5 2. Nc3 d4 3. Nce2 e5 4. d3 Nc6 5. Nf3 Be7 6. c3 f5 7. Qb3 fxe4 8. dxe4
b6 9. Qa4 Bd7 10. cxd4 Nxd4 11. Qd1 Nxf3+ 12. gxf3 Bb4+ 13. Bd2 Ba4 14. Qxa4+
Qd7 15. Qxb4 Ne7 16. Qb3 O-O-O 17. f4 Qxd2# 0-1

[Event "VI Weekend Firenzescacchi B"]
[Site "Firenze ITA"]
[Date "2012.11.03"]
[Round "4"]
[White "Moroni, Fabrizio"]
[Black "Bonechi, Federico"]
[WhiteElo "1137"]
[BlackElo "1446"]
[Result "0-1"]
[PlyCount "98"]
[EventDate "2012.11.01"]

1. e4 c5 2. c3 d5 3. d4 dxe4 4. dxc5 Qxd1+ 5. Kxd1 e6 6. Be3 Nf6 7. f3 a5 8.
Nd2 exf3 9. Ngxf3 Be7 10. Bd3 h6 11. Ke2 O-O 12. Kf2 Nd5 13. Rhe1 Nxe3 14. Rxe3
Bxc5 15. Nd4 Nc6 16. N2b3 Bb6 17. Kf1 e5 18. Nxc6 Bxe3 19. Ne7+ Kh8 20. Nxc8
Rfxc8 21. Re1 Bf4 22. g3 Bg5 23. Rxe5 b6 24. Nd4 Bf6 25. Rd5 Bxd4 26. Rxd4 Rd8
27. Be4 Rxd4 28. Bxa8 Rd2 29. b3 Rxa2 30. h3 f6 31. Bd5 Rc2 32. c4 Rb2 33. c5
bxc5 34. h4 g5 35. h5 Kg7 36. g4 Kf8 37. Bc4 Ke7 38. Ke1 Kd6 39. Kd1 Ke5 40.
Kc1 Rh2 41. Bd3 Kd4 42. Bc2 Kc3 43. Bd1 Rh1 44. b4 cxb4 45. Kb1 Rxd1+ 46. Ka2
Rd2+ 47. Kb1 Rg2 48. Ka1 Kb3 49. Kb1 Rg1# 0-1

[Event "VI Weekend Firenzescacchi B"]
[Site "Firenze ITA"]
[Date "2012.11.03"]
[Round "4"]
[White "Targetti, Andrea"]
[Black "Rufolo, Marco"]
[WhiteElo "1437"]
[BlackElo "1386"]
[Result "1-0"]
[PlyCount "121"]
[EventDate "2012.11.01"]

1. e4 e5 2. Nf3 Nc6 3. Bb5 Nge7 4. Bxc6 Nxc6 5. d4 exd4 6. Nxd4 Bc5 7. Nxc6 Qf6
8. O-O Qxc6 9. Nc3 O-O 10. Qd5 Bd6 11. Qxc6 bxc6 12. Be3 Be5 13. Bc5 d6 14. Ba3
Re8 15. Rfe1 Re6 16. Rad1 Rh6 17. h3 Rg6 18. Re3 Be6 19. b3 a5 20. Red3 f5 21.
f3 f4 22. Bb2 Bxh3 23. R1d2 Rb8 24. Na4 Bxb2 25. Nxb2 Rb5 26. Kh2 Bd7 27. Nc4
Rh5+ 28. Kg1 Rgh6 29. Rd1 c5 30. Nxa5 c4 31. Nxc4 Bb5 32. Rd5 Rxd5 33. exd5 Be8
34. Re1 Bg6 35. Re7 Bxc2 36. Rxc7 Bd1 37. Rd7 Rg6 38. Nxd6 h5 39. Kf2 h4 40. a4
Bxb3 41. Rd8+ Kh7 42. Nf5 Bxa4 43. Nxh4 Rb6 44. Ke2 Rb2+ 45. Kd3 g5 46. Nf5
Rxg2 47. d6 Bc2+ 48. Kd4 Bxf5 49. Ke5 Bh3 50. Kf6 Re2 51. d7 Re6+ 52. Kxg5 Re7
53. Rh8+ Kg7 54. d8=Q Re5+ 55. Kxf4 Rf5+ 56. Ke3 Re5+ 57. Kf2 Rf5 58. Qg8+ Kf6
59. Rh6+ Ke5 60. Qe6+ Kf4 61. Qe3# 1-0

[Event "VI Weekend Firenzescacchi B"]
[Site "Firenze ITA"]
[Date "2012.11.03"]
[Round "5"]
[White "Aversa, Alessandro"]
[Black "Ferrari, Paolo"]
[WhiteElo "1389"]
[BlackElo "1272"]
[Result "1-0"]
[PlyCount "75"]
[EventDate "2012.11.01"]

1. d4 Nf6 2. Nf3 e6 3. e3 Be7 4. c4 O-O 5. Nc3 d5 6. b3 b6 7. Bd3 Bb7 8. O-O
Nc6 9. a3 Qd6 10. Bb2 a6 11. Qc2 g6 12. Rfe1 Na5 13. e4 dxe4 14. Nxe4 Nxe4 15.
b4 Nc6 16. Bxe4 f5 17. c5 bxc5 18. dxc5 Qf4 19. Bxc6 Bxc6 20. Qc3 Bf6 21. Qb3
Bd5 22. Qc2 Be7 23. Be5 Qg4 24. Qc3 c6 25. Bh8 Bf6 26. Bxf6 Rxf6 27. h3 Qf4 28.
Qxf6 Re8 29. Nd4 Rf8 30. Nxe6 Bxe6 31. Qxe6+ Rf7 32. Qc8+ Kg7 33. Qxc6 g5 34.
Rad1 Rf6 35. Re7+ Kg6 36. Qd7 Qh4 37. Rd6 g4 38. Rg7+ 1-0

[Event "VI Weekend Firenzescacchi B"]
[Site "Firenze ITA"]
[Date "2012.11.03"]
[Round "5"]
[White "Baronio, Gaia"]
[Black "Moroni, Fabrizio"]
[WhiteElo "1491"]
[BlackElo "1137"]
[Result "1-0"]
[PlyCount "103"]
[EventDate "2012.11.01"]

1. e4 e5 2. Nf3 d6 3. Bc4 h6 4. h3 f5 5. d3 Qf6 6. Nc3 Be6 7. Bxe6 Qxe6 8. Nd5
Qd7 9. Be3 c6 10. Nc3 fxe4 11. dxe4 Nf6 12. O-O Be7 13. Re1 O-O 14. Nh4 Re8 15.
Nf5 Bf8 16. Qf3 Qf7 17. Qg3 d5 18. Nxh6+ Kh7 19. Nxf7 Nh5 20. Qh4 g6 21. Ng5+
Kg8 22. exd5 Nd7 23. dxc6 bxc6 24. Nce4 Be7 25. Qg4 Ndf6 26. Nxf6+ Bxf6 27. Qd7
Re7 28. Qxc6 Rf8 29. Bc5 Bxg5 30. Bxe7 Bxe7 31. Qe6+ Rf7 32. Rxe5 Nf4 33. Qc4
Kg7 34. Rxe7 Rxe7 35. Qxf4 Rf7 36. Qd4+ Kh6 37. Re1 a5 38. Qd2+ Kh7 39. Qxa5
Kh6 40. h4 Rf5 41. Qxf5 gxf5 42. Re5 Kh5 43. Rxf5+ Kxh4 44. a4 Kg4 45. Rf8 Kg5
46. a5 Kg6 47. a6 Kg7 48. Rf3 Kh7 49. Rg3 Kh8 50. a7 Kh7 51. a8=Q Kh6 52. Qh8#
1-0

[Event "VI Weekend Firenzescacchi B"]
[Site "Firenze ITA"]
[Date "2012.11.03"]
[Round "5"]
[White "Bonechi, Federico"]
[Black "Belli, Marco"]
[WhiteElo "1446"]
[BlackElo "1488"]
[Result "1/2-1/2"]
[PlyCount "73"]
[EventDate "2012.11.01"]

1. e4 e6 2. d4 d5 3. e5 c5 4. c3 Nc6 5. Nf3 Qb6 6. a3 cxd4 7. cxd4 Nge7 8. b4
Nf5 9. Bb2 Be7 10. Be2 O-O 11. O-O Bd7 12. Qd3 a6 13. Rd1 f6 14. g4 Nh6 15. h3
fxe5 16. dxe5 Nf7 17. Rf1 Qc7 18. Qe3 Rac8 19. Nbd2 Qd8 20. Rac1 Bg5 21. Nxg5
Nxg5 22. Kg2 Be8 23. Nf3 Nxf3 24. Bxf3 Bg6 25. Be2 Rf7 26. Bd3 Bxd3 27. Qxd3
Qg5 28. Rc2 Rcf8 29. Bc1 Qxe5 30. Re2 Qd6 31. Bb2 e5 32. f3 Rf4 33. Ref2 e4 34.
fxe4 Rxf2+ 35. Rxf2 Rxf2+ 36. Kxf2 Qf4+ 37. Qf3 1/2-1/2

[Event "VI Weekend Firenzescacchi B"]
[Site "Firenze ITA"]
[Date "2012.11.03"]
[Round "5"]
[White "Fornai, Francesco"]
[Black "Targetti, Andrea"]
[WhiteElo "1476"]
[BlackElo "1437"]
[Result "0-1"]
[PlyCount "94"]
[EventDate "2012.11.01"]

1. e4 e5 2. Nf3 Nf6 3. Nc3 Nc6 4. Bc4 Bc5 5. Nxe5 Nxe5 6. d4 Bxd4 7. Qxd4 d6 8.
h3 Be6 9. Bxe6 fxe6 10. Bg5 c5 11. Qa4+ Qd7 12. Qxd7+ Nexd7 13. O-O-O Ke7 14.
Rhe1 a6 15. f4 h6 16. Bh4 e5 17. Nd5+ Kd8 18. fxe5 dxe5 19. Nxf6 gxf6 20. Bxf6+
Kc7 21. Bxh8 Rxh8 22. Re3 Rg8 23. g4 h5 24. gxh5 Rh8 25. Red3 Nf6 26. Rf1 Nxh5
27. Rf7+ Kb8 28. Rdd7 b5 29. Rh7 Rxh7 30. Rxh7 Nf6 31. Re7 Nxe4 32. Rxe5 Nf2
33. h4 c4 34. c3 Nd3+ 35. Kd2 Nxe5 36. Ke3 Kc7 37. Ke4 Kd6 38. Kf5 Nf7 39. Kf6
Ne5 40. h5 a5 41. Kg7 Ke6 42. h6 Nf7 43. h7 b4 44. Kg6 Nh8+ 45. Kg7 Nf7 46. Kg6
a4 47. cxb4 a3 0-1

[Event "VI Weekend Firenzescacchi B"]
[Site "Firenze ITA"]
[Date "2012.11.04"]
[Round "6"]
[White "Aversa, Alessandro"]
[Black "Bonechi, Federico"]
[WhiteElo "1389"]
[BlackElo "1446"]
[Result "1-0"]
[PlyCount "99"]
[EventDate "2012.11.01"]

1. d4 Nf6 2. Nf3 e6 3. c4 b6 4. Nc3 Bb4 5. Bd2 Bb7 6. a3 Bxc3 7. Bxc3 d6 8. e3
Nbd7 9. b4 Qe7 10. c5 dxc5 11. dxc5 bxc5 12. bxc5 Qxc5 13. Bb4 Qb6 14. Rb1 c5
15. Bc3 Qc7 16. Be2 O-O 17. O-O Bc6 18. Qc2 Nd5 19. Bb2 Ne7 20. Ng5 Ng6 21. Qc3
Qe5 22. Bc4 Qxc3 23. Bxc3 Nge5 24. Ba2 h6 25. Nh3 Rab8 26. f3 Rxb1 27. Rxb1 Ng6
28. Kf2 Rb8 29. Rd1 Kf8 30. Nf4 Nxf4 31. exf4 g6 32. g4 Nb6 33. Be5 Rb7 34.
Rd8+ Be8 35. Bd6+ Re7 36. Bxc5 Nd7 37. Bxe7+ Kxe7 38. Ra8 Nc5 39. Rxa7+ Nd7 40.
Ke3 Kd6 41. Kd4 e5+ 42. fxe5+ Nxe5 43. Ra6+ Nc6+ 44. Kc4 Bd7 45. Bb1 Be6+ 46.
Kb5 Bd5 47. Be4 Bxe4 48. fxe4 Ke5 49. Rxc6 Kxe4 50. a4 1-0

[Event "VI Weekend Firenzescacchi B"]
[Site "Firenze ITA"]
[Date "2012.11.04"]
[Round "6"]
[White "Belli, Marco"]
[Black "Targetti, Andrea"]
[WhiteElo "1488"]
[BlackElo "1437"]
[Result "1-0"]
[PlyCount "35"]
[EventDate "2012.11.01"]

1. e4 e5 2. Nf3 Nf6 3. Nxe5 Qe7 4. Nf3 Qxe4+ 5. Be2 Be7 6. Nc3 Qg4 7. O-O d6 8.
d4 Ne4 9. Nxe4 Qxe4 10. Bd3 Qe6 11. Re1 Qd7 12. c4 O-O 13. Qc2 h6 14. Bd2 g6
15. Be4 Nc6 16. Bxc6 Qxc6 17. Rxe7 Re8 18. d5 1-0

[Event "VI Weekend Firenzescacchi B"]
[Site "Firenze ITA"]
[Date "2012.11.04"]
[Round "6"]
[White "Ferrari, Paolo"]
[Black "Manneschi, Fabrizio"]
[WhiteElo "1272"]
[BlackElo "1386"]
[Result "1-0"]
[PlyCount "83"]
[EventDate "2012.11.01"]

1. d4 d5 2. Nf3 Nc6 3. c3 f6 4. e3 e5 5. Nbd2 Qe7 6. b4 Bg4 7. Qb3 O-O-O 8. a4
e4 9. Ng1 Nh6 10. Ba3 Qf7 11. Ne2 Nf5 12. Nxe4 Rd7 13. Nc5 Bxc5 14. dxc5 Re8
15. h3 Bxe2 16. Bxe2 Rxe3 17. fxe3 Nxe3 18. Bc1 Nxg2+ 19. Kf2 Qg6 20. Rg1 Qf5+
21. Bf3 Nh4 22. c4 Qxh3 23. Rh1 Nd4 24. Qd3 Qf5 25. Qxf5 Nhxf5 26. Bxd5 h6 27.
Ra2 c6 28. Be4 Ne7 29. a5 f5 30. Bd3 Nb3 31. Ke3 Ng6 32. Bxf5 Ne7 33. Bxd7+
Kxd7 34. Rd1+ Kc7 35. Bb2 Nf5+ 36. Kf4 Nfd4 37. Bxd4 g5+ 38. Ke4 h5 39. Be5+
Kc8 40. Ra3 Nxc5+ 41. bxc5 h4 42. Rad3 1-0

[Event "VI Weekend Firenzescacchi B"]
[Site "Firenze ITA"]
[Date "2012.11.04"]
[Round "6"]
[White "Fornai, Francesco"]
[Black "Baronio, Gaia"]
[WhiteElo "1476"]
[BlackElo "1491"]
[Result "1/2-1/2"]
[PlyCount "54"]
[EventDate "2012.11.01"]

1. e4 c6 2. d4 d5 3. e5 Bf5 4. Nf3 e6 5. Bd3 Bxd3 6. Qxd3 c5 7. c4 cxd4 8. Nxd4
dxc4 9. Qxc4 Qa5+ 10. Bd2 Qxe5+ 11. Be3 Qc5 12. Qb5+ Qxb5 13. Nxb5 Bb4+ 14.
N1c3 Na6 15. Bxa7 Nf6 16. Bd4 O-O 17. Bxf6 gxf6 18. O-O Bxc3 19. Nxc3 Nb4 20.
a3 Nd3 21. Rab1 Ne5 22. Rfe1 Rfd8 23. Ne4 Kg7 24. Re3 Rd4 25. Rg3+ Ng6 26. Nc3
Rad8 27. h3 Kf8 1/2-1/2

[Event "VI Weekend Firenzescacchi B"]
[Site "Firenze ITA"]
[Date "2012.11.04"]
[Round "7"]
[White "Baronio, Gaia"]
[Black "Aversa, Alessandro"]
[WhiteElo "1491"]
[BlackElo "1389"]
[Result "1/2-1/2"]
[PlyCount "48"]
[EventDate "2012.11.01"]

1. e4 d5 2. exd5 Qxd5 3. Nc3 Qd8 4. Nf3 Bg4 5. Be2 e6 6. d3 Nf6 7. Bg5 Be7 8.
O-O c6 9. Re1 Nbd7 10. Qd2 Nb6 11. Rad1 h6 12. Bh4 Nbd5 13. Nxd5 Qxd5 14. b3 g5
15. Bg3 Nh5 16. c4 Qd8 17. Be5 f6 18. Bc3 Qc7 19. h3 Bf5 20. g4 Bxg4 21. hxg4
Nf4 22. Bf1 h5 23. gxh5 Rxh5 24. Bg2 g4 1/2-1/2